[Event "Titled Tue 17th Jun Late"]
[Site "chess.com INT"]
[Date "2025.06.17"]
[Round "3"]
[White "Esipenko, Andrey"]
[Black "Shandrygin, Nikita"]
[Result "1-0"]
[WhiteTitle "GM"]
[BlackTitle "FM"]
[WhiteElo "2689"]
[BlackElo "2209"]
[WhiteFideId "24175439"]
[BlackFideId "24198668"]
[EventDate "2025.06.17"]

1. d4 d5 2. Nf3 Nc6 3. g3 Bf5 4. c4 e6 5. Bg2 Bb4+ 6. Nc3 Nf6 7. O-O dxc4 8. Nh4
Bxc3 9. bxc3 Be4 10. f3 Bg6 11. Qa4 Nd5 12. Nxg6 Nb6 13. Qc2 hxg6 14. Be3 e5 15.
dxe5 Nxe5 16. Bc5 Nbd7 17. Rad1 Qf6 18. Bf2 Qe6 19. Qe4 c6 20. Rb1 Nf6 21. Qf4
Nd5 22. Qd2 b6 23. Rbd1 O-O 24. h3 Rfe8 25. Qc1 Qf6 26. f4 Nd7 27. Bd4 Qe7 28.
e4 N5f6 29. e5 Nd5 30. f5 gxf5 31. Rxf5 Nc5 32. Rdf1 Rf8 33. Qd1 Ne6 34. Qg4
Nxd4 35. cxd4 Qe6 36. Be4 Ne7 37. Rh5 Qxg4 38. hxg4 g6 39. Rh2 Kg7 40. a4 Rad8
41. Rd2 Nd5 42. Rc1 c3 43. Rf2 Rfe8 44. Rcf1 Re7 45. g5 Ne3 46. Re1 Ng4 47. Rf4
Rxd4 48. Rxg4 Rxe5 49. Kf2 c2 50. Bxc2 Rc5 51. Rxd4 Rxc2+ 52. Re2 Rc5 53. Rd7
Rxg5 54. Rxa7 Rf5+ 55. Kg2 Rc5 56. Rf2 1-0

[Event "Titled Tue 17th Jun Late"]
[Site "chess.com INT"]
[Date "2025.06.17"]
[Round "3"]
[White "Suleymanli, Aydin"]
[Black "Rajaram, Rohan"]
[Result "0-1"]
[WhiteTitle "GM"]
[BlackTitle "CM"]
[WhiteElo "2608"]
[BlackElo "2164"]
[WhiteFideId "13413937"]
[BlackFideId "30940729"]
[EventDate "2025.06.17"]

1. e4 c5 2. Nf3 d6 3. h3 Nf6 4. Nc3 Nc6 5. d4 cxd4 6. Nxd4 g6 7. Be3 Bg7 8. Qd2
Bd7 9. O-O-O a6 10. Nxc6 Bxc6 11. Bh6 O-O 12. Bxg7 Kxg7 13. Qe3 Qa5 14. a3 Rac8
15. f4 Rfd8 16. Rh2 b5 17. Kb1 b4 18. axb4 Qxb4 19. Qd4 Qxd4 20. Rxd4 e5 21.
fxe5 dxe5 22. Rxd8 Rxd8 23. Bxa6 Nxe4 24. Nxe4 Rd1+ 25. Ka2 Bxe4 26. g4 Rc1 27.
c4 Bd3 28. b3 e4 29. Kb2 Re1 30. Kc3 Kf6 31. Kd4 Rb1 32. Rf2+ Ke7 33. Kc3 Rc1+
34. Kb2 Rb1+ 35. Kc3 Rc1+ 36. Kb4 e3 37. Rf3 e2 38. Re3+ Kf6 39. Kc5 e1=Q 40.
Rxe1 Rxe1 41. b4 Rc1 42. Kd4 Bf1 43. h4 Ke7 44. Kd5 Be2 45. g5 Rb1 46. b5 Rb4
47. Kd4 Rxc4+ 48. Ke3 Rc2 49. Kd4 Kd6 50. Ke3 Rb2 51. Kd4 Bxb5 52. Bb7 Rb4+ 53.
Kc3 Rxh4 54. Bg2 Ke5 0-1

[Event "Titled Tue 17th Jun Late"]
[Site "chess.com INT"]
[Date "2025.06.17"]
[Round "3"]
[White "Ameir, Moheb"]
[Black "Haug, Havard"]
[Result "0-1"]
[WhiteTitle "IM"]
[BlackTitle "FM"]
[WhiteElo "2364"]
[BlackElo "2354"]
[WhiteFideId "10600620"]
[BlackFideId "1547887"]
[EventDate "2025.06.17"]

1. e4 c5 2. Nf3 d6 3. Bb5+ Nd7 4. O-O Nf6 5. Re1 g6 6. c3 Bg7 7. d4 a6 8. Bf1
cxd4 9. cxd4 d5 10. e5 Ne4 11. Nbd2 Nxd2 12. Bxd2 O-O 13. Rc1 b5 14. Qc2 Nb6 15.
Ba5 Bf5 16. Qd1 Qb8 17. b3 Qb7 18. Rc5 Rac8 19. Qc1 Nd7 20. Rxc8 Rxc8 21. Qg5
Nf8 22. Rc1 Ne6 23. Qd2 h5 24. Rxc8+ Qxc8 25. Qc3 Qxc3 26. Bxc3 Bb1 27. a4 Ba2
28. Nd2 Bh6 29. axb5 axb5 30. Bxb5 Bxd2 31. Bxd2 Nxd4 32. Be8 Bxb3 33. Bb4 e6
34. f3 Bc4 35. Kf2 Bb5 36. Bxb5 Nxb5 37. Ke3 Kg7 38. f4 Na7 39. Kd3 Nc6 40. Bc3
Kh6 41. h4 Kg7 42. g3 Kf8 43. Bb2 Ke8 44. Ba3 Ne7 45. Bb4 Nf5 46. Be1 Kd7 47.
Bf2 Kc6 48. Be1 Kb5 49. Bf2 Kb4 50. Be1+ Kb3 51. Bf2 Kb2 52. Kd2 Kb3 53. Kd3 Nh6
54. Be1 Ng4 55. Bd2 Kb2 56. Kd4 Kc2 57. Ba5 Kd1 58. Kc5 Ke2 59. Kd6 Kf3 60. Ke7
Nh6 61. Be1 Ke2 62. Ba5 Kf2 63. Kf6 Kxg3 64. Kg7 Kxh4 65. Kxh6 Kg4 66. Be1 d4
67. Kg7 d3 68. Kxf7 Kf5 0-1

[Event "Titled Tue 17th Jun Late"]
[Site "chess.com INT"]
[Date "2025.06.17"]
[Round "3"]
[White "Xiong, Jeffery"]
[Black "Rojas Alarcon, Julian Antonio"]
[Result "1/2-1/2"]
[WhiteTitle "GM"]
[BlackTitle "FM"]
[WhiteElo "2639"]
[BlackElo "2365"]
[WhiteFideId "2047640"]
[BlackFideId "5107407"]
[EventDate "2025.06.17"]

1. d4 Nf6 2. c4 e6 3. Nc3 Bb4 4. Nf3 b6 5. Qb3 a5 6. a3 Bxc3+ 7. Qxc3 Bb7 8. b3
d6 9. Bb2 Nbd7 10. e3 O-O 11. Be2 Ne4 12. Qc2 f5 13. O-O Rf6 14. d5 Rg6 15. Nd4
exd5 16. cxd5 Bxd5 17. Bc4 Bxc4 18. Qxc4+ Kh8 19. Nxf5 Nd2 20. Qf7 Ne5 21. Bxe5
Nf3+ 22. Kh1 Nxe5 23. Qd5 c6 24. Qd4 Qc7 25. f4 Ng4 26. h3 Nf6 27. Qxd6 Qb7 28.
Ne7 Rg3 29. Qxc6 Qxc6 30. Nxc6 Rxe3 31. b4 h6 32. bxa5 bxa5 33. a4 Rc8 34. Nxa5
Re2 35. Nb3 Nh5 36. Rf3 Rcc2 37. Nd4 Ra2 38. Ra3 Ng3+ 39. Rxg3 Rxa1+ 40. Kh2 Re4
41. Nf5 Rxf4 42. Nxg7 Raxa4 43. Nh5 Rf7 44. Rb3 Ra5 45. g4 Kh7 46. Kg3 Re7 47.
Kh4 Rae5 48. Ng3 Re3 49. Rb8 Re8 50. Rb1 Re1 51. Rb2 R1e3 52. Nf5 R3e6 53. Rb7+
Kh8 54. Kh5 Rc8 55. Nxh6 Rc3 56. h4 Rc4 57. Nf5 Rf6 58. Rb8+ Kh7 59. Rb7+ Kh8
60. Kg5 Rf8 61. Kh5 Rf6 1/2-1/2

[Event "Titled Tue 17th Jun Late"]
[Site "chess.com INT"]
[Date "2025.06.17"]
[Round "3"]
[White "Bacrot, Etienne"]
[Black "Demchenko, Yaroslav"]
[Result "1-0"]
[WhiteTitle "GM"]
[BlackTitle "CM"]
[WhiteElo "2633"]
[BlackElo "2263"]
[WhiteFideId "605506"]
[BlackFideId "14186667"]
[EventDate "2025.06.17"]

1. e4 c5 2. Nf3 Nc6 3. Bb5 e5 4. O-O Bd6 5. d3 a6 6. Bxc6 dxc6 7. b3 Ne7 8. Nbd2
Bc7 9. Nc4 f6 10. a4 a5 11. Nh4 O-O 12. g3 Bh3 13. Ng2 f5 14. f3 f4 15. Bb2 Ng6
16. gxf4 Nxf4 17. Nxf4 Rxf4 18. Rf2 Qg5+ 19. Kh1 Raf8 20. Qg1 Qh5 21. Nd2 Bd8
22. Qg3 g6 23. Rg1 Be6 24. Rff1 Bh4 25. Qg2 Be7 26. Qg3 Bh4 27. Qg2 Be7 28. Qe2
Bh3 29. Re1 Bh4 30. Rd1 Rxf3 31. Nxf3 Rxf3 32. Bxe5 Bg4 33. Rxg4 Qxg4 34. Rf1
Rxf1+ 35. Qxf1 Bg5 36. Bd6 Bh6 37. Bxc5 Qg5 38. Bd4 Qd2 39. Qf2 Qd1+ 40. Kg2
Qg4+ 41. Qg3 Qe2+ 42. Bf2 Qxc2 43. Qb8+ Kf7 44. Qxb7+ Kf6 45. Qxh7 Bf4 46. Qh8+
Ke6 47. Qe8+ Kf6 48. Qf8+ Kg5 49. h4+ Kg4 50. Qc8+ Kh5 51. Qh8+ Bh6 52. Qd4 Qe2
53. e5 Bd2 54. Qe4 Kh6 55. Qxe2 1-0

[Event "Titled Tue 17th Jun Late"]
[Site "chess.com INT"]
[Date "2025.06.17"]
[Round "3"]
[White "El Jawich, Amro"]
[Black "Zhang, Derek"]
[Result "0-1"]
[WhiteTitle "FM"]
[BlackTitle "CM"]
[WhiteElo "2307"]
[BlackElo "2162"]
[WhiteFideId "5300380"]
[BlackFideId "2087871"]
[EventDate "2025.06.17"]

1. g3 d6 2. Bg2 e5 3. c4 f5 4. Nc3 Nf6 5. e3 g6 6. Nge2 Bg7 7. d4 e4 8. O-O O-O
9. b3 c6 10. Ba3 Qe7 11. Qd2 a6 12. Rae1 Kh8 13. f3 exf3 14. Bxf3 Be6 15. e4
fxe4 16. Nxe4 Nxe4 17. Bxe4 Nd7 18. Nf4 Bg8 19. Bxg6 Qf6 20. Bb1 Qxd4+ 21. Qxd4
Bxd4+ 22. Kg2 Be5 23. Rxe5 dxe5 24. Bxf8 Rxf8 25. Nh5 Rxf1 26. Kxf1 Bf7 27. Bf5
Bxh5 28. Bxd7 a5 29. a3 c5 30. Kf2 Kg7 31. Ke3 Bg6 32. h4 Kf6 33. g4 h6 34. Bc8
b6 35. Bb7 Bc2 36. Bd5 Bxb3 37. Kd3 Bd1 38. g5+ hxg5 39. hxg5+ Kxg5 40. Ke4 Kf6
41. Bg8 Bc2+ 42. Kd5 e4 43. Bh7 Bd3 44. Bxe4 Bxe4+ 45. Kxe4 Ke6 46. a4 Ke7 47.
Ke5 Kd7 48. Kd5 Kc7 49. Ke6 Kc6 50. Ke7 b5 0-1

[Event "Titled Tue 17th Jun Late"]
[Site "chess.com INT"]
[Date "2025.06.17"]
[Round "3"]
[White "Oksendal, Martin"]
[Black "Pakleza, Zbigniew"]
[Result "0-1"]
[WhiteTitle "FM"]
[BlackTitle "GM"]
[WhiteElo "2235"]
[BlackElo "2484"]
[WhiteFideId "1554107"]
[BlackFideId "1119290"]
[EventDate "2025.06.17"]

1. e4 d6 2. d4 Nf6 3. Nc3 c6 4. f4 Qb6 5. Nf3 Bg4 6. Be2 Bxf3 7. Bxf3 e5 8. Na4
Qa5+ 9. Nc3 Nbd7 10. Be3 Be7 11. O-O O-O 12. Qe1 Rfe8 13. Nd5 Qxe1 14. Nxe7+
Rxe7 15. Raxe1 exd4 16. Bxd4 Rae8 17. Bxf6 Nxf6 18. Rd1 Nxe4 19. Bxe4 Rxe4 20.
Rxd6 Kf8 21. Rd7 Rb4 22. b3 Re2 23. Rf2 Re1+ 24. Rf1 Rxf1+ 25. Kxf1 Rxf4+ 26.
Ke2 Rb4 27. a3 Rb5 28. a4 Rb4 29. Rc7 g5 30. Kf3 h5 31. h3 h4 32. Rd7 Kg7 33.
Rd6 f6 34. Rd7+ Kg6 35. Re7 Kf5 36. Kf2 a5 37. Kf3 b6 38. Rc7 c5 39. Rc6 Ke5 40.
Ke3 f5 41. Rg6 g4 42. hxg4 Rxg4 43. Rxb6 Rxg2 44. Rb5 Rxc2 45. Rxa5 h3 46. Ra8
Rc3+ 47. Kf2 Rxb3 48. Rc8 Kd4 49. Rd8+ Ke4 50. Re8+ Kf4 51. Rc8 Rb2+ 52. Kg1 Kg3
53. Rg8+ Kf3 54. Rc8 Rc2 55. a5 f4 56. a6 Ra2 57. Rxc5 Ra1+ 58. Kh2 Rxa6 59.
Rc3+ Kg4 60. Rb3 Ra2+ 61. Kg1 Re2 62. Rb8 Kf3 63. Rh8 Rg2+ 64. Kh1 Rg3 65. Re8
Kf2 66. Ra8 Re3 67. Rf8 f3 68. Kh2 Ke2 69. Kxh3 Re7 70. Kg3 Rg7+ 71. Kh2 f2 72.
Re8+ Kf1 73. Re4 Rh7+ 0-1

[Event "Titled Tue 17th Jun Late"]
[Site "chess.com INT"]
[Date "2025.06.17"]
[Round "3"]
[White "Manvelyan, Mikayel"]
[Black "Rees, Ioan"]
[Result "1-0"]
[WhiteTitle "FM"]
[BlackTitle "FM"]
[WhiteElo "2362"]
[BlackElo "2280"]
[WhiteFideId "13310143"]
[BlackFideId "1801236"]
[EventDate "2025.06.17"]

1. e4 e5 2. Nf3 Nc6 3. Bb5 a6 4. Ba4 Nf6 5. O-O Nxe4 6. d4 Be7 7. Re1 b5 8. Bb3
d5 9. dxe5 Be6 10. c3 O-O 11. Nbd2 Nc5 12. Bc2 d4 13. cxd4 Nxd4 14. Nxd4 Qxd4
15. Nf3 Qxd1 16. Rxd1 Rfd8 17. Be3 Rxd1+ 18. Rxd1 Bxa2 19. Bxc5 Bxc5 20. b3 a5
21. Ra1 Bxb3 22. Bxb3 a4 23. Bd5 Rd8 24. Bc6 Rb8 25. Kf1 a3 26. Nd2 b4 27. Nb3
Bf8 28. Ke2 Rb6 29. Be4 Re6 30. f4 c5 31. Bd5 Re8 32. Kd3 g5 33. g3 Kg7 34. Kc4
Kg6 35. Be4+ Kh5 36. Bd5 Re7 37. Kb5 gxf4 38. gxf4 Kg4 39. Nxc5 Kxf4 40. e6 fxe6
41. Nxe6+ Ke5 42. Kc6 Rxe6+ 43. Bxe6 Kxe6 44. Re1+ Kf5 45. Kb5 b3 46. Kc4 b2 47.
Kb3 Kg4 48. Ka2 Kh3 49. Re8 Bb4 50. Rb8 Bd6 51. Rb6 Bf8 52. Rf6 Bd6 53. Rxd6 h5
54. Rh6 h4 55. Kb1 Kg4 56. Ra6 Kh3 57. Ra4 1-0

[Event "Titled Tue 17th Jun Late"]
[Site "chess.com INT"]
[Date "2025.06.17"]
[Round "3"]
[White "Bulgurlu, Okan"]
[Black "Garzon Zapatanga, Christopher Leonel"]
[Result "0-1"]
[WhiteTitle "CM"]
[BlackTitle "FM"]
[WhiteElo "1964"]
[BlackElo "2155"]
[WhiteFideId "6352316"]
[BlackFideId "3634787"]
[EventDate "2025.06.17"]

1. e4 c5 2. Nf3 d6 3. d4 cxd4 4. Nxd4 Nf6 5. Nc3 a6 6. g3 e5 7. Nb3 Be7 8. Bg2
O-O 9. O-O b5 10. a4 bxa4 11. Rxa4 Nbd7 12. Nd5 Nxd5 13. exd5 Nb6 14. Ra1 f5 15.
Bd2 f4 16. Ba5 Rb8 17. Nd2 Qe8 18. Bxb6 Rxb6 19. Nc4 Rb5 20. b3 Bb7 21. Na3 Rc5
22. c4 Qf7 23. Bh3 Bc8 24. Bxc8 Rfxc8 25. b4 R5c7 26. Qa4 Qf5 27. f3 Qg6 28. g4
h5 29. h3 e4 30. Qc2 Bf6 31. Rae1 hxg4 32. hxg4 Re7 33. Rxe4 Rxe4 34. Qxe4 Qxe4
35. fxe4 Bb2 36. Nc2 Rxc4 37. Ne1 Bd4+ 38. Kg2 Be5 39. Nd3 Rxe4 40. Nxe5 Rxe5
41. Rd1 Re3 42. Kf2 Rb3 43. Ra1 Rxb4 44. Rxa6 Rd4 45. Rxd6 Kf7 46. Kf3 Ke7 47.
Re6+ Kf7 48. Rd6 g5 49. Rd7+ Kf6 50. Rd6+ Ke5 51. Rg6 Rd3+ 52. Kf2 Kxd5 53.
Rxg5+ Ke4 54. Rg8 Rd2+ 55. Kg1 Kf3 56. g5 Rg2+ 57. Kh1 Rg4 58. g6 Kg3 59. g7 f3
60. Kg1 Rd4 0-1

[Event "Titled Tue 17th Jun Late"]
[Site "chess.com INT"]
[Date "2025.06.17"]
[Round "3"]
[White "Chen, Yidong"]
[Black "Schracke, Guido"]
[Result "1-0"]
[BlackTitle "CM"]
[WhiteElo "2074"]
[BlackElo "2138"]
[WhiteFideId "8607028"]
[BlackFideId "4637054"]
[EventDate "2025.06.17"]

1. e4 c5 2. Nf3 Nc6 3. Bb5 Na5 4. O-O a6 5. Be2 d6 6. c3 Nf6 7. Qc2 g6 8. d4
cxd4 9. cxd4 Bg7 10. e5 dxe5 11. dxe5 Nd5 12. Rd1 e6 13. Nc3 O-O 14. Nxd5 exd5
15. Bg5 Qb6 16. Rxd5 Bf5 17. Qd2 Nc6 18. a3 Be6 19. Rd6 Qc7 20. Bf4 Ne7 21. Rc1
Qb8 22. h3 Nf5 23. Rb6 Rd8 24. Qb4 Rd7 25. Bxa6 Bf8 26. Qb5 Rd5 27. Qe2 Ra7 28.
Bc4 Ne7 29. Bxd5 Nxd5 30. Be3 Nxb6 31. Bxb6 Ra6 32. Be3 b5 33. Bg5 Qb7 34. Nd4
Bc4 35. Qe3 Bc5 36. Qc3 Qe4 37. Be3 Bxd4 38. Qxd4 Qxd4 39. Bxd4 Kf8 40. Bc3 Ke7
41. Rd1 Ke6 42. f4 Bd5 43. g3 Rc6 44. Kf2 Rc4 45. Ke3 Re4+ 46. Kf2 h5 47. Rd4
Rxd4 48. Bxd4 Bb3 49. Bc5 Kd5 50. Bb4 Bc4 51. Bc3 Bb3 52. Ke3 Bc4 53. g4 hxg4
54. hxg4 Bb3 55. f5 gxf5 56. gxf5 Bc4 57. Kf4 Bd3 58. Kg5 Be4 59. Kf6 Kc6 60. e6
fxe6 61. fxe6 Kc7 62. e7 Kd7 63. Kf7 Bg6+ 64. Kxg6 Kxe7 65. Kf5 1-0

[Event "Titled Tue 17th Jun Late"]
[Site "chess.com INT"]
[Date "2025.06.17"]
[Round "3"]
[White "Tekeyev, Zaur"]
[Black "Muradli, Mahammad"]
[Result "1-0"]
[WhiteTitle "IM"]
[BlackTitle "GM"]
[WhiteElo "2407"]
[BlackElo "2609"]
[WhiteFideId "4199731"]
[BlackFideId "13409301"]
[EventDate "2025.06.17"]

1. e4 c5 2. Nf3 e6 3. d4 cxd4 4. Nxd4 Nc6 5. Nc3 Qc7 6. Be3 a6 7. Qf3 b5 8. Nxc6
Qxc6 9. Bd3 Bb7 10. O-O-O Nf6 11. Bd4 Be7 12. Kb1 b4 13. Ne2 d6 14. Ng3 a5 15.
Nh5 Nxh5 16. Qxh5 e5 17. Be3 a4 18. c4 bxc3 19. Rc1 Ba6 20. Qe2 O-O 21. Rxc3 Qb7
22. Bxa6 Rxa6 23. f3 Raa8 24. Rhc1 Bf6 25. R1c2 d5 26. Rc7 Qb8 27. exd5 Rd8 28.
Qd3 h5 29. Qe4 Qb5 30. R7c5 Qf1+ 31. Bc1 Qa6 32. g4 hxg4 33. fxg4 g6 34. Rc6 Qf1
35. g5 Bg7 36. h4 Ra5 37. d6 Ra6 38. Rc7 Raxd6 39. h5 Qf5 40. Qxa4 gxh5 41. Qa3
Qg6 42. Rc8 Bf8 43. Rxd8 Rxd8 44. Qc3 e4 45. a4 Rd3 46. Qc8 e3 47. Qe8 Rd2 48.
Bxd2 exd2 49. Qe2 Bb4 50. Qd1 Qxg5 51. Ka2 h4 52. b3 h3 53. Rc4 Be7 54. Rg4 h2
55. Rxg5+ Bxg5 56. a5 1-0

[Event "Titled Tue 17th Jun Late"]
[Site "chess.com INT"]
[Date "2025.06.17"]
[Round "3"]
[White "Estrada Nieto, Julian"]
[Black "Gimeno Martos, Roberto"]
[Result "1-0"]
[WhiteTitle "IM"]
[BlackTitle "CM"]
[WhiteElo "2181"]
[BlackElo "2090"]
[WhiteFideId "5101018"]
[BlackFideId "2226804"]
[EventDate "2025.06.17"]

1. e4 g6 2. d4 Bg7 3. Nf3 c6 4. Nc3 d6 5. Be2 Nf6 6. a4 O-O 7. O-O a5 8. Be3 Ng4
9. Bg5 h6 10. Bh4 g5 11. Bg3 Nf6 12. Nd2 e5 13. dxe5 dxe5 14. Bxe5 Nbd7 15. Bg3
Qb6 16. Nc4 Qa7 17. Nd6 Nc5 18. e5 Ne8 19. Nxc8 Rxc8 20. Qd4 b6 21. Bc4 Nc7 22.
Qg4 N7e6 23. h4 Qe7 24. hxg5 Qxg5 25. Qxg5 hxg5 26. Rad1 Rfd8 27. Bxe6 Nxe6 28.
Ne4 c5 29. c3 g4 30. Nd6 Rc7 31. Nc4 Rb7 32. Rxd8+ Nxd8 33. Rd1 Nc6 34. Rd6 Ne7
35. Rxb6 Rd7 36. Rd6 Rb7 37. Rd2 Nf5 38. Nxa5 Ra7 39. Nb3 Nxg3 40. fxg3 Bxe5 41.
Nxc5 Bxg3 42. Ne4 Bf4 43. Rc2 Rxa4 44. Re2 g3 45. Re1 Be3+ 46. Kf1 Bf2 47. Nxf2
gxf2 48. Kxf2 Rf4+ 49. Ke3 Ra4 50. Re2 Ra5 51. Kd3 f5 52. c4 Kf7 53. Kc3 Kf6 54.
Kb4 Ra8 55. b3 f4 56. c5 Kf5 57. Kc4 Kg4 58. b4 f3 59. gxf3+ Kf4 60. Re7 Kxf3
61. c6 Rc8 62. b5 Kf4 63. Kc5 Kf5 64. Re1 Kf6 65. b6 Rh8 66. c7 Rh5+ 67. Kc6 1-0

[Event "Titled Tue 17th Jun Late"]
[Site "chess.com INT"]
[Date "2025.06.17"]
[Round "3"]
[White "Salem, A.R. Saleh"]
[Black "Piesik, Piotr"]
[Result "0-1"]
[WhiteTitle "GM"]
[BlackTitle "IM"]
[WhiteElo "2627"]
[BlackElo "2436"]
[WhiteFideId "9301348"]
[BlackFideId "1136194"]
[EventDate "2025.06.17"]

1. d4 d5 2. c4 c6 3. Nf3 Nf6 4. e3 Bf5 5. Nc3 e6 6. Nh4 Bg6 7. Qb3 Qc7 8. Bd2
Nbd7 9. cxd5 exd5 10. O-O-O a5 11. Nxg6 hxg6 12. Kb1 Bd6 13. Rc1 Qb8 14. Bd3 O-O
15. h4 b5 16. h5 gxh5 17. g4 hxg4 18. e4 b4 19. Na4 Nxe4 20. Bxe4 dxe4 21. Rxc6
Nf6 22. Bg5 Qb5 23. d5 Be5 24. Bxf6 Bxf6 25. Nc5 Rfc8 26. a4 Qe2 27. Nd7 Bd4 28.
Ka2 Qxf2 29. Rhc1 Rxc6 30. dxc6 Rc8 31. Rc2 Qf5 32. Rd2 Ba7 33. Rd5 Qe6 34. Rxa5
Qxb3+ 35. Kxb3 g3 36. Rg5 Rxc6 37. Rxg3 e3 38. Ne5 Re6 39. Nd3 e2 40. Rg2 e1=Q
41. Nxe1 Rxe1 42. Kxb4 Re4+ 43. Kb5 Re5+ 44. Ka6 Bc5 45. Rg4 Re6+ 46. Kb5 Be3
47. b4 f5 48. Rc4 f4 49. a5 f3 50. Rc8+ Kf7 51. Rd8 f2 52. Rd1 Rg6 53. a6 Rg1
54. a7 Bxa7 55. Rd7+ Kg6 56. Rd6+ Kh7 57. Ka6 f1=Q+ 58. b5 Rg6 59. Rxg6 Kxg6 60.
Kb7 Qxb5+ 61. Ka8 Qb8# 0-1

[Event "Titled Tue 17th Jun Late"]
[Site "chess.com INT"]
[Date "2025.06.17"]
[Round "3"]
[White "Leiva, Gianmarco"]
[Black "Hadzovic, Amir"]
[Result "1-0"]
[WhiteTitle "IM"]
[BlackTitle "FM"]
[WhiteElo "2387"]
[BlackElo "2354"]
[WhiteFideId "3804399"]
[BlackFideId "14402300"]
[EventDate "2025.06.17"]

1. e4 e5 2. Nf3 Nc6 3. Bb5 a6 4. Ba4 d6 5. O-O Bd7 6. c4 Nf6 7. Nc3 Be7 8. d3
O-O 9. h3 h6 10. Be3 Kh8 11. Bxc6 Bxc6 12. Qc2 Nh7 13. d4 Ng5 14. Bxg5 Bxg5 15.
dxe5 dxe5 16. Nxe5 Be8 17. Rad1 Qe7 18. Nf3 c6 19. e5 Qe6 20. Nxg5 hxg5 21. Rfe1
Qxc4 22. Qf5 Qf4 23. Qxf4 gxf4 24. Rd4 f3 25. gxf3 Kg8 26. Kh2 c5 27. Rg4 Bc6
28. Reg1 g6 29. f4 Rad8 30. f5 Rd2 31. Rf4 Kg7 32. f6+ Kh7 33. Kg3 Re8 34. Re1
g5 35. Rg4 Rd3+ 36. Kh2 Bd7 37. Rxg5 Rxh3+ 38. Kg2 Be6 39. Ne4 Rh6 40. Nxc5 Bd5+
41. f3 Rg6 42. Rxg6 Kxg6 43. Kg3 Kf5 44. Kf2 Rc8 45. Nd3 Rc2+ 46. Ke3 Bxa2 47.
f4 Bc4 48. Kd4 Bxd3 49. Kxd3 Rc6 50. Ke3 Rb6 51. Re2 Rb3+ 52. Kd4 Rb4+ 53. Kc5
Rb5+ 54. Kd6 Rb6+ 55. Ke7 Kg6 56. f5+ Kxf5 57. Kxf7 Rc6 58. e6 Rc2 59. Rxc2 1-0

[Event "Titled Tue 17th Jun Late"]
[Site "chess.com INT"]
[Date "2025.06.17"]
[Round "3"]
[White "Krawczyk, Flawian"]
[Black "Silva Lucena, Cristian"]
[Result "1/2-1/2"]
[WhiteTitle "CM"]
[BlackTitle "FM"]
[WhiteElo "2247"]
[BlackElo "2243"]
[WhiteFideId "21881413"]
[BlackFideId "2232588"]
[EventDate "2025.06.17"]

1. d4 Nf6 2. c4 e6 3. Nc3 d5 4. cxd5 exd5 5. Bg5 c6 6. e3 h6 7. Bh4 Be7 8. Bd3
O-O 9. Qc2 Nbd7 10. Nge2 Ne8 11. Bxe7 Qxe7 12. g4 Nd6 13. O-O-O b5 14. Rdg1 Nb6
15. h4 b4 16. Nb1 a5 17. g5 h5 18. Nf4 Bg4 19. Nd2 Nbc4 20. Nxc4 dxc4 21. Bxc4
Nxc4 22. Qxc4 a4 23. Ng6 Qe4 24. Nxf8 Bf5 25. Kd2 Rxf8 26. Rc1 a3 27. b3 c5 28.
Qxc5 Rc8 29. Qxc8+ Bxc8 30. Rxc8+ Kh7 31. Rcc1 Qf5 32. Ke2 Qg4+ 33. Kd2 Qf3 34.
Rhf1 Qh3 35. Rfd1 Qxh4 36. Ke1 Qh1+ 37. Ke2 Qd5 38. Rc5 Qe6 39. Rc4 Qg4+ 40. Kd2
Qf3 41. Ke1 h4 42. d5 h3 43. d6 Kg6 44. d7 h2 45. Rh4 h1=Q+ 46. Rxh1 Qxh1+ 47.
Ke2 Qh5+ 48. f3 Qh2+ 49. Ke1 Qg1+ 50. Kd2 Qf2+ 51. Kc1 Qxe3+ 52. Rd2 Qe1+ 53.
Kc2 Qa1 54. d8=Q Qxa2+ 55. Kd1 Qb1+ 56. Ke2 a2 57. Qd6+ f6 58. gxf6 gxf6 59.
Qg3+ Kh6 60. Qg4 a1=Q 61. Qh4+ Kg6 62. Qg4+ Kh6 63. Qh4+ Kg6 64. Qg4+ Kh6 1/2-1/2

[Event "Titled Tue 17th Jun Late"]
[Site "chess.com INT"]
[Date "2025.06.17"]
[Round "3"]
[White "Holinka, Henning"]
[Black "Kravtsiv, Martyn"]
[Result "1/2-1/2"]
[WhiteTitle "FM"]
[BlackTitle "GM"]
[WhiteElo "2303"]
[BlackElo "2598"]
[WhiteFideId "12967084"]
[BlackFideId "14113147"]
[EventDate "2025.06.17"]

1. Nf3 Nf6 2. g3 d5 3. Bg2 e6 4. O-O Be7 5. c4 O-O 6. d4 c6 7. Qc2 b6 8. Nbd2
Bb7 9. e4 c5 10. exd5 exd5 11. dxc5 Bxc5 12. a3 dxc4 13. Nxc4 Be4 14. Qc3 Nc6
15. Bg5 Nd4 16. Rae1 Nxf3+ 17. Bxf3 Bd4 18. Qb3 Bxf3 19. Qxf3 Rc8 20. Ne5 h6 21.
Bxf6 Qxf6 22. Qxf6 gxf6 23. Nd3 Rc2 24. Rc1 Rfc8 25. Rxc2 Rxc2 26. Rd1 Bxb2 27.
Nb4 Rc1 28. Rxc1 Bxc1 29. a4 Kf8 30. Nd5 f5 31. Kg2 Ba3 32. Kf3 Bc5 33. Ke2 Ke8
34. f4 Kd7 35. Nf6+ Ke6 36. Ne8 Kd7 37. Ng7 a6 38. Nxf5 Bf8 39. Kd3 b5 40. axb5
axb5 41. Nd4 b4 42. Kc4 Kd6 43. Nc2 Ke6 44. g4 Bd6 45. Nxb4 Bxf4 46. h3 Ke5 47.
Kd3 Bg5 48. Ke2 Kf4 49. Kf2 Bh4+ 50. Kg2 Ke4 51. Nc2 Kd3 52. Nb4+ Ke4 53. Nc6 h5
54. Nb4 hxg4 55. hxg4 Bg5 56. Nc6 Bf4 57. Nb4 Bd6 58. Nc2 Bc5 59. Ne1 Kf4 60.
Kh3 Ke3 61. Ng2+ Kf2 62. Nh4 Bd6 63. Nf5 Be5 64. Nh6 f6 65. Ng8 Kf3 66. Nxf6
Bxf6 67. g5 Bxg5 1/2-1/2

[Event "Titled Tue 17th Jun Late"]
[Site "chess.com INT"]
[Date "2025.06.17"]
[Round "3"]
[White "Mizzi, Jack"]
[Black "Dauer, Andre Leonardo"]
[Result "1/2-1/2"]
[WhiteTitle "CM"]
[BlackTitle "CM"]
[WhiteElo "2107"]
[BlackElo "2138"]
[WhiteFideId "5602521"]
[BlackFideId "2126915"]
[EventDate "2025.06.17"]

1. d4 e6 2. c4 d5 3. Nf3 c6 4. Nbd2 f5 5. Qc2 Nf6 6. g3 Bd6 7. Bg2 O-O 8. O-O
Nbd7 9. b3 a5 10. Bb2 Ne4 11. Ne5 Nxe5 12. dxe5 Bb4 13. Nxe4 fxe4 14. a3 Be7 15.
Rad1 Qb6 16. Bd4 Bc5 17. e3 Bxd4 18. exd4 Bd7 19. c5 Qd8 20. f4 Be8 21. g4 Qh4
22. h3 Qg3 23. Qf2 Qxb3 24. f5 exf5 25. gxf5 e3 26. Qf3 Qxa3 27. Rfe1 Qc3 28.
Rxe3 Qc2 29. Rf1 a4 30. e6 a3 31. Rxa3 Rxa3 32. Qxa3 Rxf5 33. Rxf5 Qxf5 34. Qe3
Qf6 35. h4 Qxh4 36. Bh3 h6 37. e7 Qg5+ 38. Qxg5 hxg5 39. Be6+ Kh7 40. Bc8 Kg6
41. Bxb7 Kf7 42. Kf2 Kxe7 43. Kg3 Kf6 44. Bc8 Ke7 45. Kg4 Bd7+ 46. Bxd7 Kxd7 47.
Kxg5 Ke6 48. Kg6 Ke7 49. Kxg7 Ke6 50. Kg6 Ke7 51. Kg7 Ke6 52. Kf8 Kf5 53. Ke7
Ke4 54. Kd6 Kxd4 55. Kxc6 Ke5 56. Kb7 d4 57. c6 d3 58. c7 d2 59. c8=Q d1=Q 60.
Qh8+ Kf4 61. Qf6+ Ke3 62. Qe5+ Kf2 63. Qh2+ Ke3 64. Qh6+ Kf2 65. Kb6 Qf3 66.
Qd2+ Kg3 67. Qg5+ Kh2 68. Qh4+ Kg2 69. Qg5+ Kf1 70. Qc1+ Kg2 71. Qb2+ Qf2+ 72.
Qxf2+ Kxf2 1/2-1/2